<?xml version="1.0" encoding="UTF-8"?>
<record
    xmlns:xsi="http://www.w3.org/2001/XMLSchema-instance"
    xsi:schemaLocation="http://www.loc.gov/MARC21/slim http://www.loc.gov/standards/marcxml/schema/MARC21slim.xsd"
    xmlns="http://www.loc.gov/MARC21/slim">

  <leader>01821nam0a2200361   4500</leader>
  <controlfield tag="001">RU\NLR\bibl\1836764</controlfield>
  <controlfield tag="005">20250616170534.0</controlfield>
  <datafield tag="010" ind1=" " ind2=" ">
    <subfield code="a">978-5-905279-72-2</subfield>
    <subfield code="9">5000</subfield>
  </datafield>
  <datafield tag="021" ind1=" " ind2=" ">
    <subfield code="a">RU</subfield>
    <subfield code="b">2011-85322</subfield>
    <subfield code="9">6078</subfield>
  </datafield>
  <datafield tag="035" ind1=" " ind2=" ">
    <subfield code="a">(NLR Aleph) 001827248</subfield>
  </datafield>
  <datafield tag="090" ind1=" " ind2=" ">
    <subfield code="a">2088359</subfield>
    <subfield code="c">2088359</subfield>
  </datafield>
  <datafield tag="100" ind1=" " ind2=" ">
    <subfield code="a">20111121d2012    |||y0rusy50      ca</subfield>
  </datafield>
  <datafield tag="101" ind1="0" ind2=" ">
    <subfield code="a">rus</subfield>
  </datafield>
  <datafield tag="102" ind1=" " ind2=" ">
    <subfield code="a">RU</subfield>
  </datafield>
  <datafield tag="105" ind1=" " ind2=" ">
    <subfield code="a">a   |||||||||</subfield>
  </datafield>
  <datafield tag="200" ind1="1" ind2=" ">
    <subfield code="a">&#x42E;&#x43D;&#x44B;&#x43C; &#x443;&#x43C;&#x43D;&#x438;&#x43A;&#x430;&#x43C; &#x438; &#x443;&#x43C;&#x43D;&#x438;&#x446;&#x430;&#x43C;</subfield>
    <subfield code="e">&#x43A;&#x443;&#x440;&#x441; &#x420;&#x41F;&#x421; (&#x440;&#x430;&#x437;&#x432;&#x438;&#x442;&#x438;&#x435; &#x43F;&#x43E;&#x437;&#x43D;&#x430;&#x432;&#x430;&#x442;&#x435;&#x43B;&#x44C;&#x43D;&#x44B;&#x445; &#x441;&#x43F;&#x43E;&#x441;&#x43E;&#x431;&#x43D;&#x43E;&#x441;&#x442;&#x435;&#x439;)</subfield>
    <subfield code="e">[&#x438;&#x43D;&#x444;&#x43E;&#x440;&#x43C;&#x430;&#x442;&#x438;&#x43A;&#x430;, &#x43B;&#x43E;&#x433;&#x438;&#x43A;&#x430;, &#x43C;&#x430;&#x442;&#x435;&#x43C;&#x430;&#x442;&#x438;&#x43A;&#x430;]</subfield>
    <subfield code="e">&#x43C;&#x435;&#x442;&#x43E;&#x434;&#x438;&#x447;&#x435;&#x441;&#x43A;&#x43E;&#x435; &#x43F;&#x43E;&#x441;&#x43E;&#x431;&#x438;&#x435; &#x434;&#x43B;&#x44F; 1 &#x43A;&#x43B;&#x430;&#x441;&#x441;&#x430;</subfield>
    <subfield code="f">&#x41E;.&#x410;. &#x425;&#x43E;&#x43B;&#x43E;&#x434;&#x43E;&#x432;&#x430;</subfield>
  </datafield>
  <datafield tag="205" ind1=" " ind2=" ">
    <subfield code="a">&#x418;&#x437;&#x434;. 3-&#x435; &#x438;&#x437;&#x434;., &#x43F;&#x435;&#x440;&#x435;&#x440;&#x430;&#x431;.</subfield>
  </datafield>
  <datafield tag="210" ind1=" " ind2=" ">
    <subfield code="a">&#x41C;&#x43E;&#x441;&#x43A;&#x432;&#x430;</subfield>
    <subfield code="c">&#x420;&#x41E;&#x421;&#x422;&#x43A;&#x43D;&#x438;&#x433;&#x430;</subfield>
    <subfield code="d">2012</subfield>
  </datafield>
  <datafield tag="215" ind1=" " ind2=" ">
    <subfield code="a">268, [2] &#x441;.</subfield>
    <subfield code="c">&#x438;&#x43B;., &#x43D;&#x43E;&#x442;.</subfield>
    <subfield code="d">21</subfield>
  </datafield>
  <datafield tag="225" ind1="1" ind2=" ">
    <subfield code="a">&#x412; &#x43F;&#x43E;&#x43C;&#x43E;&#x449;&#x44C; &#x443;&#x447;&#x438;&#x442;&#x435;&#x43B;&#x44E; &#x43D;&#x430;&#x447;&#x430;&#x43B;&#x44C;&#x43D;&#x43E;&#x439; &#x448;&#x43A;&#x43E;&#x43B;&#x44B;: &#x43F;&#x440;&#x43E;&#x433;&#x440;&#x430;&#x43C;&#x43C;&#x430; &#x43A;&#x443;&#x440;&#x441;&#x430; "&#x420;&#x41F;&#x421;"</subfield>
  </datafield>
  <datafield tag="300" ind1=" " ind2=" ">
    <subfield code="a">&#x41D;&#x430; &#x43E;&#x431;&#x43B;. &#x43F;&#x43E;&#x434;&#x437;&#x430;&#x433;. &#x43D;&#x435;&#x437;&#x43D;&#x430;&#x447;&#x438;&#x442;. &#x438;&#x437;&#x43C;&#x435;&#x43D;&#x435;&#x43D;</subfield>
  </datafield>
  <datafield tag="320" ind1=" " ind2=" ">
    <subfield code="a">&#x411;&#x438;&#x431;&#x43B;&#x438;&#x43E;&#x433;&#x440;.: &#x441;. 196</subfield>
  </datafield>
  <datafield tag="606" ind1="1" ind2=" ">
    <subfield code="a">&#x421;&#x43F;&#x43E;&#x441;&#x43E;&#x431;&#x43D;&#x43E;&#x441;&#x442;&#x438; &#x443; &#x434;&#x435;&#x442;&#x435;&#x439;</subfield>
    <subfield code="j">&#x41C;&#x435;&#x442;&#x43E;&#x434;&#x438;&#x447;&#x435;&#x441;&#x43A;&#x438;&#x435; &#x43F;&#x43E;&#x441;&#x43E;&#x431;&#x438;&#x44F;</subfield>
    <subfield code="x">&#x412;&#x43E;&#x441;&#x43F;&#x438;&#x442;&#x430;&#x43D;&#x438;&#x435;</subfield>
    <subfield code="x">&#x41D;&#x430;&#x447;&#x430;&#x43B;&#x44C;&#x43D;&#x430;&#x44F; &#x448;&#x43A;&#x43E;&#x43B;&#x430;</subfield>
    <subfield code="9">2442185</subfield>
    <subfield code="3">RU\NLR\auth\661452776</subfield>
  </datafield>
  <datafield tag="606" ind1="1" ind2=" ">
    <subfield code="a">&#x422;&#x432;&#x43E;&#x440;&#x447;&#x435;&#x441;&#x43A;&#x438;&#x435; &#x441;&#x43F;&#x43E;&#x441;&#x43E;&#x431;&#x43D;&#x43E;&#x441;&#x442;&#x438; &#x443; &#x434;&#x435;&#x442;&#x435;&#x439;</subfield>
    <subfield code="j">&#x41C;&#x435;&#x442;&#x43E;&#x434;&#x438;&#x447;&#x435;&#x441;&#x43A;&#x438;&#x435; &#x43F;&#x43E;&#x441;&#x43E;&#x431;&#x438;&#x44F;</subfield>
    <subfield code="x">&#x420;&#x430;&#x437;&#x432;&#x438;&#x442;&#x438;&#x435;</subfield>
    <subfield code="9">1745476</subfield>
    <subfield code="3">RU\NLR\auth\661077261</subfield>
  </datafield>
  <datafield tag="606" ind1="1" ind2=" ">
    <subfield code="a">&#x414;&#x435;&#x442;&#x438;</subfield>
    <subfield code="j">&#x41C;&#x435;&#x442;&#x43E;&#x434;&#x438;&#x447;&#x435;&#x441;&#x43A;&#x438;&#x435; &#x43F;&#x43E;&#x441;&#x43E;&#x431;&#x438;&#x44F;</subfield>
    <subfield code="x">&#x41F;&#x43E;&#x437;&#x43D;&#x430;&#x432;&#x430;&#x442;&#x435;&#x43B;&#x44C;&#x43D;&#x44B;&#x435; &#x441;&#x43F;&#x43E;&#x441;&#x43E;&#x431;&#x43D;&#x43E;&#x441;&#x442;&#x438;</subfield>
    <subfield code="9">2504724</subfield>
    <subfield code="3">RU\NLR\auth\661485294</subfield>
  </datafield>
  <datafield tag="686" ind1=" " ind2=" ">
    <subfield code="a">&#x427;421.204,01&#x44F;8</subfield>
  </datafield>
  <datafield tag="686" ind1=" " ind2=" ">
    <subfield code="a">&#x42E;983.724&#x44F;8</subfield>
  </datafield>
  <datafield tag="700" ind1=" " ind2="1">
    <subfield code="a">&#x425;&#x43E;&#x43B;&#x43E;&#x434;&#x43E;&#x432;&#x430;</subfield>
    <subfield code="b">&#x41E;. &#x410;.</subfield>
    <subfield code="4">070</subfield>
  </datafield>
  <datafield tag="801" ind1=" " ind2="0">
    <subfield code="a">RU</subfield>
    <subfield code="b">NLR</subfield>
    <subfield code="c">20111121</subfield>
    <subfield code="g">RCR</subfield>
  </datafield>
  <datafield tag="801" ind1=" " ind2="1">
    <subfield code="a">RU</subfield>
    <subfield code="b">NLR</subfield>
    <subfield code="c">20111121</subfield>
  </datafield>
  <datafield tag="942" ind1=" " ind2=" ">
    <subfield code="c">BOOK</subfield>
  </datafield>
  <datafield tag="980" ind1=" " ind2=" ">
    <subfield code="a">NB</subfield>
  </datafield>
  <datafield tag="995" ind1=" " ind2=" ">
    <subfield code="5">2011-11-21</subfield>
    <subfield code="a">ad</subfield>
    <subfield code="b">NLR01</subfield>
    <subfield code="c">NLR01</subfield>
    <subfield code="e">RF8</subfield>
    <subfield code="f">3537740</subfield>
    <subfield code="k">2011-3/36629</subfield>
    <subfield code="o">0</subfield>
    <subfield code="r">BOOK</subfield>
    <subfield code="s">2011336629_</subfield>
  </datafield>
  <datafield tag="995" ind1=" " ind2=" ">
    <subfield code="5">2011-11-21</subfield>
    <subfield code="a">ad</subfield>
    <subfield code="b">NLR01</subfield>
    <subfield code="c">NLR01</subfield>
    <subfield code="e">RF8</subfield>
    <subfield code="f">3537741</subfield>
    <subfield code="k">2011-3/36629</subfield>
    <subfield code="o">0</subfield>
    <subfield code="r">BOOK</subfield>
    <subfield code="s">2011336629_</subfield>
  </datafield>
</record>
